| 000 | 00578nam a2200181 a 4500 | ||
|---|---|---|---|
| 005 | 20140412111220.0 | ||
| 008 | 001109s19uu xx 00 eng d | ||
| 020 | _a0-316-03464-9 | ||
| 050 |
_aTR(GS 372.7 _bA438 1993 |
||
| 100 | _aAllison, Linda | ||
| 245 |
_aEenie meenie miney math : _bmath play for your and your preschoolar / _cLinda Allison and Martha Weston. |
||
| 260 |
_aBoston : _bLittle Brown and Co., _c1993. |
||
| 300 | _a48 p. ; ill. | ||
| 500 | _aPreschool | ||
| 650 | _aMathematics - - study and teaching (Preschool) | ||
| 650 | _aCounting | ||
| 999 |
_c101895 _d101895 |
||